Rain / (Record no. 6767)
[ view plain ]
| 000 -LEADER | |
|---|---|
| fixed length control field | 00664nam a22002297a 4500 |
| 001 - CONTROL NUMBER | |
| control field | 6767 |
| 003 - CONTROL NUMBER IDENTIFIER | |
| control field | FISKH |
| 005 - DATE AND TIME OF LATEST TRANSACTION | |
| control field | 20250527092634.0 |
| 008 - FIXED-LENGTH DATA ELEMENTS--GENERAL INFORMATION | |
| fixed length control field | 250527b cb ||||| |||| 00| 0 eng d |
| 020 ## - INTERNATIONAL STANDARD BOOK NUMBER | |
| International Standard Book Number | 9780385737296 |
| 040 ## - CATALOGING SOURCE | |
| Original cataloging agency | FISKH |
| Language of cataloging | eng |
| Transcribing agency | FISKH |
| Modifying agency | FISKH |
| 050 ## - LIBRARY OF CONGRESS CALL NUMBER | |
| Classification number | PZ7.S873 R |
| 082 ## - DEWEY DECIMAL CLASSIFICATION NUMBER | |
| Classification number | 823.92 |
| 100 ## - MAIN ENTRY--PERSONAL NAME | |
| Personal name | Stojic, Manya |
| 245 ## - TITLE STATEMENT | |
| Title | Rain / |
| Statement of responsibility, etc. | Writtten and illustrated by Manya Stojic |
| 260 ## - PUBLICATION, DISTRIBUTION, ETC. | |
| Place of publication, distribution, etc. | New York : |
| Name of publisher, distributor, etc. | Dragon fly Book, |
| Date of publication, distribution, etc. | 2000. |
| 505 ## - FORMATTED CONTENTS NOTE | |
| Formatted contents note | NP<br/> |
| 520 ## - SUMMARY, ETC. | |
| Summary, etc. | The animals of the African savanna use their senses to predict and then enjoy the rain. |
| 650 ## - SUBJECT ADDED ENTRY--TOPICAL TERM | |
| Topical term or geographic name entry element | Africa Animals |
| Form subdivision | Picture Book |
| 942 ## - ADDED ENTRY ELEMENTS (KOHA) | |
| Source of classification or shelving scheme | Dewey Decimal Classification |
| Koha item type | Books |
| Suppress in OPAC | No |
| Withdrawn status | Lost status | Source of classification or shelving scheme | Damaged status | Not for loan | Collection | Home library | Current library | Shelving location | Date acquired | Total Checkouts | Full call number | Barcode | Date last seen | Copy number | Price effective from | Koha item type |
|---|---|---|---|---|---|---|---|---|---|---|---|---|---|---|---|---|
| Dewey Decimal Classification | Juvenile Fiction | Footprints International School Library Network Toul Kork Campus | Footprints International School Library Network Toul Kork Campus | TK Primary Library Room(4th Floor), Bookcase 7, Shelves 57-60, Dark Green Books | 05/27/2025 | STO 823.92 PZ7.S873 R | FISTK01980 | 05/27/2025 | 1 | 05/27/2025 | Books |
